| 000 | 00357nam a2200133Ia 4500 | ||
|---|---|---|---|
| 008 | 150202s9999 xx 000 0 und d | ||
| 020 | _a671698591 | ||
| 050 |
_aFIC _bFIC |
||
| 100 | _aLaumer, Keith. | ||
| 245 | 4 |
_aThe stars must wait / _cKeith Laumer. |
|
| 260 |
_aNew York : _bBaen Books, _c1990. |
||
| 300 |
_a283 pages : _c18 cm. |
||
| 650 | _aFiction. | ||
| 999 |
_c282180 _d282180 |
||